| 000 | 01684nam a2200253Ia 4500 | ||
|---|---|---|---|
| 003 | Ost | ||
| 005 | 20260507075355.0 | ||
| 008 | 260507s9999||||xx |||||||||||||| ||und|| | ||
| 020 | _a3148299539 | ||
| 040 | _cfsecg | ||
| 041 | _aara | ||
| 082 | _a330 | ||
| 100 |
_aيوسف، ناصر _eمؤلف |
||
| 245 | 0 |
_aدينامية التجربة اليابانية في التنمية المركبة : _bدراسة مقارنة بالجزائر وماليزيا / _c ناصر يوسف |
|
| 260 |
_aبيروت: _bمركز الدراسات الوحدة العربية, _c2010 |
||
| 300 |
_a414 صفحة؛ _bإيضاحات ؛ _c24 سم |
||
| 490 |
_aسلسلة أطروحات الدكتوراه _v83 |
||
| 504 | _aالملاحق ص.371؛ المراجع ص.377 | ||
| 520 | _aمدخل الى البحث- آراء علمية حول التنمية الإقتصادية- التنمية الإقتصادية من المنظور الإسلامي- التنمية الإقتصادية بدينامية الإعتماد على الذات من منظور دولي عربي- التجربة اليابانية المعاصرة في التنمية الغقتصادية المعتمدة على الذات- دينامية الإعتماد على الذات وإنجازاتها في التنمية الإقتصادية اليابانية- مقارنة اليابان بالجزائر وماليزيا والدروس المستفادة- مقولات انمائية ومقترحات انسانية | ||
| 653 | _aالإقتصاد الإسلامي | ||
| 653 | _aالتنمية الإقتصادية- الجزائر | ||
| 653 | _aالتنمية الإقتصادية- ماليزيا | ||
| 942 | _cكتاب | ||
| 999 |
_c44198 _d44198 |
||